000 00295nam a22001337a 4500
008 170502b xxu||||| |||| 00| 0 eng d
020 _a9780135130315
041 _aeng
080 _25TH
_a343.9
100 _a14
101 _aSHJ
245 _aCRIMINOLOGY TODAY
_cSCHMALLEGER
942 _2udc
_cBK
999 _c12359
_d12359